Polscy Muzycy A-Z - Statystyki

Ogólne statystyki
  • Ten quiz został rozwiązany 73 razy
  • Średni wynik to 2 z 25
Statystyki odpowiedzi
Litera Powiązany Zespół Artysta % Poprawnych
E - -
56%
I - -
56%
M Akcent Zenon Martyniuk
52%
L Weekend Radosław Liszewski
22%
Ż Top Girls Angelika Żmijewska
9%
P After Party Patryk Pegza
9%
Ś Bayerfull Sławomir Świerzyński
9%
S Daj To Głośniej Emilia Sanecka
8%
Z 3mamy się Zapały Sławomir Zapała
8%
G MIG Marek Gwiazdowski
6%
K Classic Robert Klatt
6%
C Extazy Kamil Chludziński
3%
H Cliver Cezary Hajdacki
2%
T Marcus Grzegorz Trzciński
2%
W Bracia Figo Fagot Bartosz 'Fagot' Walaszek
0%
R Łobuzy Bogumił 'Boogie' Romanowski
0%
A Letni (daw. Letni Chamski Podryw) Dawid 'Anton' Antonkiewicz
0%
Ł Róże Europy Jacek 'Stachursky' Łaszczok
0%
F BFC Marek Fergiński
0%
B Playboys Mario Bischin
0%
J Long&Junior Michał 'Junior' Jeleń
0%
D Czadoman Paweł 'Czadoman' Dudek
0%
U - Sławomir Uniatowski
0%
N Piękni i Młodzi Tomasz 'Niecik' Niecikowski
0%
O Bahamas Zbigniew Opałka
0%
Nie znaleziono quizów pasujących do podanych kryteriów
Rozkład punktacji
Procent ludzi z każdym wynikiem
Percentyl według liczby udzielonych odpowiedzi
Twoja historia wyników
Nie rozwiązałeś tego quizu